Colombia : (Registro nro. 5627)
[ vista simple ]
| 000 -LEADER | |
|---|---|
| fixed length control field | 01106nam a2200289Ia 4500 |
| 003 - CONTROL NUMBER IDENTIFIER | |
| control field | OSt |
| 005 - DATE AND TIME OF LATEST TRANSACTION | |
| control field | 20200716155306.0 |
| 008 - FIXED-LENGTH DATA ELEMENTS--GENERAL INFORMATION | |
| fixed length control field | 191128s2003 wau gr 000 0 spa d |
| 020 ## - INTERNATIONAL STANDARD BOOK NUMBER | |
| International Standard Book Number | 821353489 |
| 040 ## - CATALOGING SOURCE | |
| Original cataloging agency | CO-JMCR |
| Transcribing agency | CO-JMCR |
| 041 0# - LANGUAGE CODE | |
| Language code of text/sound track or separate title | spa |
| 082 04 - DEWEY DECIMAL CLASSIFICATION NUMBER | |
| Classification number | 330.9861 / |
| Item number | G537c1 |
| Edition number | 23 |
| 100 1# - MAIN ENTRY--PERSONAL NAME | |
| Personal name | Giugale, Marcelo M., |
| Relator term | editor |
| 9 (RLIN) | 7397 |
| 245 10 - TITLE STATEMENT | |
| Title | Colombia : |
| Remainder of title | the economic foundation of peace / |
| Statement of responsibility, etc. | editors Marcelo M. Giugale, Olivier Lafourcade, Connie Luff |
| 260 ## - PUBLICATION, DISTRIBUTION, ETC. | |
| Place of publication, distribution, etc. | Washington : |
| Name of publisher, distributor, etc. | The World Bank, |
| Date of publication, distribution, etc. | 2003. |
| 300 ## - PHYSICAL DESCRIPTION | |
| Extent | xlviii, 994 páginas ; |
| Dimensions | 23 cm. |
| 504 ## - BIBLIOGRAPHY, ETC. NOTE | |
| Bibliography, etc. note | Incluye bibliografía al final de cada capítulo |
| 505 0# - FORMATTED CONTENTS NOTE | |
| Formatted contents note | Thematic notes -- Achieving fast and sustainable Growth -- Sharing the fruits of growth with all colombians -- Building a government of quality |
| 546 ## - LANGUAGE NOTE | |
| Language note | Texto en inglés |
| 650 14 - SUBJECT ADDED ENTRY--TOPICAL TERM | |
| Topical term or geographic name entry element | Desarrollo sostenible |
| 9 (RLIN) | 7409 |
| 650 24 - SUBJECT ADDED ENTRY--TOPICAL TERM | |
| Topical term or geographic name entry element | Paz |
| Geographic subdivision | Colombia |
| 9 (RLIN) | 7399 |
| 650 24 - SUBJECT ADDED ENTRY--TOPICAL TERM | |
| Topical term or geographic name entry element | Violencia |
| Geographic subdivision | Colombia |
| 9 (RLIN) | 7400 |
| 650 24 - SUBJECT ADDED ENTRY--TOPICAL TERM | |
| Topical term or geographic name entry element | Aspectos económicos |
| Geographic subdivision | Colombia |
| 9 (RLIN) | 7246 |
| 700 1# - ADDED ENTRY--PERSONAL NAME | |
| Personal name | Lafourcade, Olivier, |
| Relator term | editor |
| 9 (RLIN) | 7410 |
| 700 1# - ADDED ENTRY--PERSONAL NAME | |
| Personal name | Luff, Connie, |
| Relator term | editor |
| 9 (RLIN) | 7402 |
| 942 ## - ADDED ENTRY ELEMENTS (KOHA) | |
| Source of classification or shelving scheme | Dewey Decimal Classification |
| Koha item type | Books |
| Withdrawn status | Lost status | Source of classification or shelving scheme | Materials specified (bound volume or other part) | Damaged status | Not for loan | Home library | Current library | Shelving location | Date acquired | Source of acquisition | Total Checkouts | Full call number | Barcode | Date last seen | Date last checked out | Copy number | Price effective from | Koha item type |
|---|---|---|---|---|---|---|---|---|---|---|---|---|---|---|---|---|---|---|
| Dewey Decimal Classification | Donación--15/04/2018-- | Biblioteca Pública José María del Castillo y Rada | Biblioteca Pública José María del Castillo y Rada | General Stacks | 11/28/2019 | Donación | 2 | 330.9861 / G537c1 | 430002674 | 10/23/2024 | 10/23/2024 | Ej.1 | 11/28/2019 | Books |